La violencia política de los años cuarenta y su lugar en el imaginario nacional /

Este texto, propone una discusión sobre el imaginario histórico costarricense y la forma en que él impide terminar de comprender la violencia política de los años cuarenta. Los costarricenses no podemos dar cuenta satisfactoriamente de dónde salió aquella explosión de violencia, es la tesis central....

Cijeli opis

Spremljeno u:
Bibliografski detalji
Glavni autor: Solís Avendaño, Manuel Antonio
Format: Tekst
Teme:
Oznake: Dodaj oznaku
Bez oznaka, Budi prvi tko označuje ovaj zapis!

MARC

LEADER 00000 a a2200000 04500
001 41052
003
040
100 |a Solís Avendaño, Manuel Antonio  
245 |a La violencia política de los años cuarenta y su lugar en el imaginario nacional /  |c Manuel Antonio Solis Avendaño 
520 |a Este texto, propone una discusión sobre el imaginario histórico costarricense y la forma en que él impide terminar de comprender la violencia política de los años cuarenta. Los costarricenses no podemos dar cuenta satisfactoriamente de dónde salió aquella explosión de violencia, es la tesis central. De paso, plantea el tema de nuestras dificultades para percibir los procesos destructivos gestados en nuestro tejido social, limitados por representaciones del mismo que todavía hoy, pese a todo, continúan siendo efectivas.  
590 |a RRA/SETIEMBRE2012  
650 |a 1.VIOLENCIA  
650 |a 2.HISTORIA POLITICA  
650 |a 3.IMAGINARIO SOCIAL  
650 |a 4.ASPECTOS SOCIALES  
650 |a 5.COSTA RICA  
773 |g número6 ( , 2010), 17 páginas  
999 |c 27265  |d 27265